Statistics for Island Countries that Start with an N or P

Click here to take the quiz!

General Stats

  • This quiz has been taken 48 times
  • The average score is 4 of 5

Answer Stats

Country % Correct
Nauru
95%
Palau
93%
Papua New Guinea
85%
Philippines
83%
New Zealand
76%

Score Distribution

Percentile by Number Answered

Percent of People with Each Score

Your Score History

You have not taken this quiz